000 00801cam a2200265u 4500
001 6956849
003 OSt
005 20231204155437.0
008 830325s1948 ii c 000 0 eng
010 _aa 50000384
020 _a9788125040262
040 _aDLC
_cCarP
_dDLC
043 _aa-ii---
050 0 0 _aDS461.9.S5
_bS3 1948
082 _a954.299
_bSAR/S
100 1 _aSarkar, Jadunath,
_cSir,
_d1870-1958
_910013
245 1 0 _aShivaji and his times. /
_cJadunath Sarkar
250 _a5th ed.
260 _aCalcutta,
_bS. C. Sarkar,
_c1952.
300 _a332p.
_c23 cm.
600 1 0 _aŚivājī, Raja,
_d1627-1680. [from old catalog]
650 0 _aMaratha (Indic people)
651 0 _aIndia
_xHistory
_y1526-1765.
942 _2ddc
_cBK
_h954.299
_iSAR/S
_k954.299
_mSAR/S
999 _c43842
_d43842